Reconocimiento de suelos y cimentaciones especiales

Salvato in:
Dettagli Bibliografici
Autore principale: Cambefort, Henri (Autore)
Natura: Libro
Lingua:spagnolo
Pubblicazione: Barcelona Omega 1967
Soggetti:
Tags: Aggiungi Tag
Nessun Tag, puoi essere il primo ad aggiungerne!!

MARC

LEADER 00000nam a2200000 a 4500
001 UCU6154
003 CL-VaPUC
008 960614e19670000SP |||||||||||||||||spa|d
082 0 4 |a 624.151  |b CAM  |2 21 
100 0 |a Cambefort, Henri  |e author  |9 364284 
245 1 0 |a Reconocimiento de suelos y cimentaciones especiales 
300 |a 263 p 
942 |c BK 
945 |d 19960614 00:00:00  |a paguirre 
260 |a Barcelona  |b Omega  |c 1967 
650 0 |a Suelos  |9 260322 
650 7 |a CLASIFICACION DE SUELOS  |2 CL-VaPUC  |9 364285 
650 0 |a Hormigones  |9 262546 
650 7 |a MECANICA DEL SUELO  |2 CL-VaPUC  |9 350104 
650 0 |a Propiedades del suelo  |9 350106 
583 |a last modification  |c 19960614 00:00:00  |k Rodrigo Vera 
999 |c 249179  |d 249177 
952 |0 0  |1 0  |4 0  |6 624_151000000000000_CAM_1967  |7 0  |8 A  |9 266261  |a BIBING  |b BIBING  |d 2019-11-19  |i 1683578  |o 624.151 CAM 1967  |p 1683578  |r 2025-01-20  |w 2019-11-19  |y BK  |k CCL